[Event "Tournament 14459 - Europe Echecs"]
[Site "Europe Echecs"]
[Date "2020.07.07"]
[Round "5"]
[Time "16:14:47"]
[PlyCount "127"]
[White "TurchiMatteo"]
[Black "CastagnerolCer"]
[WhiteElo "1129"]
[BlackElo "1332"]
[Mode "WEB"]
[Result "0-1"]

1. e4 e5 2. Nf3 Nc6 3. Bc4 Bc5 4. Nc3 Nf6 5. d3 h6 6. O-O O-O 7. h3 d6 8. Be3
Bb6 9. Bxb6 axb6 10. b3 Be6 11. a4 Bxc4 12. dxc4 Ra7 13. Nb5 Ra6 14. Nc3 Qd7 15.
Nd5 Nxe4 16. Qe2 f5 17. Nh4 Nf6 18. f4 Nxd5 19. cxd5 Nd4 20. Qd3 Qe7 21. fxe5
dxe5 22. c3 Qxh4 23. cxd4 Qxd4+ 24. Qxd4 exd4 25. Rf4 Ra5 26. Rxd4 Rd8 27. Rad1
Kf7 28. d6 Rc5 29. dxc7 Rxd4 30. Rxd4 Rxc7 31. Rb4 Rc6 32. Kf2 Ke6 33. Ke3 Kd6
34. Kd4 g5 35. a5 bxa5 36. Rxb7 Rc7 37. Rxc7 Kxc7 38. Ke5 Kc6 39. Kxf5 Kb5 40.
Kg6 Kb4 41. Kxh6 Kxb3 42. Kxg5 a4 43. h4 a3 44. h5 a2 45. g4 a1=Q 46. h6 Qh8 47.
Kh5 Kc4 48. g5 Kd5 49. g6 Ke6 50. g7 Qh7 51. g8=Q+ Qxg8 52. Kh4 Qh7 53. Kh5 Kf6
54. Kg4 Qxh6 55. Kg3 Qd2 56. Kg4 Ke5 57. Kf3 Qe1 58. Kg4 Qf2 59. Kg5 Qf5+ 60.
Kh4 Qg6 61. Kh3 Kf4 62. Kh2 Kf3 63. Kh1 Qg2# {TurchiMatteo est échec et mat} 0-1

[Event "Tournament 14459 - Europe Echecs"]
[Site "Europe Echecs"]
[Date "2020.07.07"]
[Round "5"]
[Time "16:14:47"]
[PlyCount "52"]
[White "HammRodrigue"]
[Black "DabremontGuill"]
[WhiteElo "1109"]
[BlackElo "1311"]
[Mode "WEB"]
[Result "1-0"]

1. e4 e5 2. Nf3 Nc6 3. Bc4 Nf6 4. Ng5 d5 5. exd5 Nd4 6. d6 Be6 7. dxc7 Qxc7 8.
Nxe6 Nxe6 9. Bxe6 fxe6 10. O-O Bd6 11. Nc3 O-O 12. d3 e4 13. dxe4 Qc5 14. Kh1
Qe5 15. f4 Qc5 16. e5 Bxe5 17. fxe5 Qxe5 18. Bf4 Qc5 19. Bd6 Qg5 20. Bxf8 Rxf8
21. Qd6 Re8 22. Nb5 Ng4 23. Nc7 Rc8 24. Qxe6+ Kh8 25. Qxc8+ Qd8 26. Qxd8# {DabremontGuill est échec et mat} 1-0

[Event "Tournament 14459 - Europe Echecs"]
[Site "Europe Echecs"]
[Date "2020.07.07"]
[Round "5"]
[Time "16:14:47"]
[PlyCount "70"]
[White "SauerMathis"]
[Black "DavoustNicolas"]
[WhiteElo "1058"]
[BlackElo "1300"]
[Mode "WEB"]
[Result "0-1"]

1. e4 e5 2. Nf3 Nc6 3. Bb5 Nf6 4. O-O d6 5. Re1 Be7 6. h3 O-O 7. c3 a6 8. Ba4 b5
9. Bb3 Na5 10. d4 exd4 11. cxd4 Nxb3 12. Qxb3 c6 13. Nc3 a5 14. Qd1 b4 15. Nb1
Re8 16. Bf4 c5 17. a3 bxa3 18. Rxa3 cxd4 19. Nxd4 Nxe4 20. Rxe4 d5 21. Re1 Bxa3
22. bxa3 Rxe1+ 23. Qxe1 h6 24. Nc6 Qd7 25. Ne7+ Kf8 26. Nxc8 Rxc8 27. Qxa5 d4
28. Nc3 dxc3 29. Qb4+ Kg8 30. Qb3 c2 31. Bc1 Qd1+ 32. Kh2 Qxc1 33. Qb7 Qf4+ 34.
g3 Qxf2+ 35. Kh1 {SauerMathis a abandonné} 0-1

[Event "Tournament 14459 - Europe Echecs"]
[Site "Europe Echecs"]
[Date "2020.07.07"]
[Round "5"]
[Time "16:14:47"]
[PlyCount "76"]
[White "AllardNedellec"]
[Black "BelliniMatteo"]
[WhiteElo "1292"]
[BlackElo "1098"]
[Mode "WEB"]
[Result "1-0"]

1. e4 e5 2. Nf3 Nc6 3. Nc3 Nf6 4. Bb5 a6 5. Bxc6 bxc6 6. Nxe5 d6 7. Nxc6 Qd7 8.
Nd4 c5 9. Nf3 Bb7 10. d3 Be7 11. Bf4 Qg4 12. Bg3 O-O 13. h3 Qd7 14. O-O d5 15.
exd5 Bxd5 16. Nxd5 Nxd5 17. Ne5 Qb7 18. Nc4 Bf6 19. Rb1 Rfe8 20. Nd6 Qe7 21. Re1
Qxe1+ 22. Qxe1 Rxe1+ 23. Rxe1 Bxb2 24. c4 Nf6 25. Re7 h6 26. Rxf7 Rd8 27. Ra7
Kh7 28. Rxa6 Bd4 29. a4 Kg6 30. a5 Rb8 31. Ra7 Bc3 32. a6 Ba5 33. Rb7 Ra8 34. a7
Nd7 35. Rxd7 Rf8 36. Nb5 Bb6 37. Rd6+ Kf5 38. Rxb6 {BelliniMatteo a perdu au temps} 1-0

[Event "Tournament 14459 - Europe Echecs"]
[Site "Europe Echecs"]
[Date "2020.07.07"]
[Round "5"]
[Time "16:14:47"]
[PlyCount "154"]
[White "LentieulElliot"]
[Black "LuxOceane"]
[WhiteElo "1000"]
[BlackElo "1273"]
[Mode "WEB"]
[Result "1-0"]

1. d4 d5 2. c4 c6 3. e3 Nf6 4. Nf3 Bg4 5. Nc3 e6 6. Bd3 Bb4 7. O-O O-O 8. h3 Bf5
9. Bxf5 exf5 10. Qd3 Qd7 11. Ne5 Qe6 12. cxd5 cxd5 13. Nf3 Bxc3 14. Qxc3 Nc6 15.
Qb3 b6 16. Bd2 Rab8 17. a3 Ne4 18. Rac1 Nxd2 19. Nxd2 Na5 20. Qa4 Ra8 21. b3 a6
22. b4 Nb7 23. Rc7 b5 24. Qc2 Nd6 25. Qc6 Rad8 26. Qxa6 Ne8 27. Qxe6 fxe6 28.
Rc2 Ra8 29. Rc5 Rxa3 30. Rxb5 Nc7 31. Rb7 Ne8 32. b5 Ra2 33. Nf3 Rb2 34. b6 Nd6
35. Re7 Rb8 36. Rxe6 Nc4 37. Ne5 Nxb6 38. Nc6 Rc8 39. Ne7+ Kf7 40. Rxb6 Rcc2 41.
Rxb2 Rxb2 42. Nxd5 Ke6 43. Nf4+ Kf6 44. Rc1 g5 45. Nd5+ Ke6 46. Nc7+ Kf6 47.
Rc6+ Ke7 48. Nd5+ Kd7 49. Rh6 Rb1+ 50. Kh2 Rb5 51. Nf6+ Ke6 52. Nxh7+ Kf7 53.
Nxg5+ Kg7 54. Rh4 Rb2 55. Rf4 Kg6 56. Ne6 Kf6 57. Nc5 Kg5 58. Kg3 Rb8 59. h4+
Kg6 60. h5+ Kxh5 61. Rxf5+ Kg6 62. Rd5 Rg8 63. Kf4 Kf6 64. Nd7+ Kf7 65. e4 Rd8
66. Ne5+ Ke7 67. Rxd8 Kxd8 68. g4 Ke7 69. g5 Kf8 70. g6 Kg8 71. Kf5 Kh8 72. Kf6
Kg8 73. g7 Kh7 74. Kf7 Kh6 75. g8=Q Kh5 76. Nf3 Kh6 77. Qg6# {LuxOceane est échec et mat} 1-0

[Event "Tournament 14459 - Europe Echecs"]
[Site "Europe Echecs"]
[Date "2020.07.07"]
[Round "5"]
[Time "16:14:47"]
[PlyCount "78"]
[White "MimouneKenzi"]
[Black "MaisonhauteEle"]
[WhiteElo "1266"]
[BlackElo "1088"]
[Mode "WEB"]
[Result "1-0"]

1. e4 e5 2. Nf3 Nc6 3. Bc4 Bc5 4. O-O Nf6 5. d3 h6 6. Nc3 O-O 7. Be3 d6 8. Bxc5
dxc5 9. h3 Be6 10. Bb3 Nd4 11. Nxe5 Qd6 12. Nf3 Rfe8 13. Re1 Nd7 14. Qd2 Ne5 15.
Nxe5 Qxe5 16. f4 Qf6 17. e5 Qg6 18. Rf1 Bxh3 19. Kh1 Bg4 20. Nd5 Qh5+ 21. Kg1
Rac8 22. Qf2 Ne2+ 23. Qxe2 Bxe2 24. Rf2 Re6 25. Re1 Bg4 26. Ne3 Rg6 27. f5 Rg5
28. Nd5 Re8 29. f6 g6 30. g3 Qh3 31. Re3 Rh5 32. Rg2 Qh1+ 33. Kf2 Rf5+ 34. Nf4
Bh3 35. Ke2 Bxg2 36. e6 Qf1+ 37. Kd2 Bf3 38. exf7+ Kf8 39. fxe8=Q# {MaisonhauteEle est échec et mat} 1-0

[Event "Tournament 14459 - Europe Echecs"]
[Site "Europe Echecs"]
[Date "2020.07.07"]
[Round "5"]
[Time "16:14:47"]
[PlyCount "83"]
[White "BernardiNicola"]
[Black "MenceEline"]
[WhiteElo "799"]
[BlackElo "1264"]
[Mode "WEB"]
[Result "0-1"]

1. e4 d5 2. exd5 Nf6 3. Bc4 Bg4 4. Nf3 Nxd5 5. h3 Bf5 6. Bxd5 Qxd5 7. Nc3 Qd6 8.
d3 c6 9. O-O e6 10. Ng5 h6 11. Nf3 Qc7 12. Be3 Nd7 13. Ne4 Bxe4 14. dxe4 O-O-O
15. Qc1 Bc5 16. Rd1 Bxe3 17. Qxe3 Kb8 18. Rd2 Nf6 19. Rxd8+ Rxd8 20. e5 Nd5 21.
Qa3 Qe7 22. Qxe7 Nxe7 23. b3 Nf5 24. c4 Nd4 25. Rd1 Nxf3+ 26. gxf3 Rxd1+ 27. Kg2
Rd2 28. a4 Rb2 29. Kg3 Rxb3 30. Kg4 Rb4 31. f4 Rxc4 32. a5 b5 33. a6 b4 34. Kf3
b3 35. Ke3 b2 36. Kd3 Rc1 37. Kd4 b1=Q 38. f5 Qb4+ 39. Kd3 Rc3+ 40. Kd2 Qb2+ 41.
Kd1 Rc1# {BernardiNicola est échec et mat} 0-1

[Event "Tournament 14459 - Europe Echecs"]
[Site "Europe Echecs"]
[Date "2020.07.07"]
[Round "5"]
[Time "16:14:47"]
[PlyCount "124"]
[White "CharrierShayan"]
[Black "MigusEthan"]
[WhiteElo "1260"]
[BlackElo "1084"]
[Mode "WEB"]
[Result "1-0"]

1. d4 d5 2. Nf3 Nc6 3. Bf4 Nf6 4. e3 a6 5. Nbd2 Bg4 6. h3 Bh5 7. c3 e6 8. Be2
Bd6 9. Bxd6 Qxd6 10. Ng5 Bxe2 11. Qxe2 O-O 12. O-O h6 13. Ngf3 Rfe8 14. e4 Rad8
15. e5 Qe7 16. exf6 Qxf6 17. Ne5 Nxe5 18. dxe5 Qf5 19. Nf3 c5 20. Rad1 f6 21.
Qd3 Qxd3 22. Rxd3 fxe5 23. Nxe5 Kh7 24. b3 g5 25. Rfd1 Kg7 26. c4 Kf6 27. Ng4+
Kg6 28. cxd5 exd5 29. Rxd5 Rc8 30. Rd6+ Kf7 31. Nxh6+ Kg7 32. Nf5+ Kf7 33. Rd7+
Kf6 34. Nd6 Rcd8 35. Rxd8 Rxd8 36. Ne4+ Ke7 37. Rxd8 Kxd8 38. Nxc5 Kc7 39. Ne6+
Kc6 40. Nxg5 b5 41. Ne4 Kd5 42. f3 Kd4 43. Kf2 Kd3 44. Nc5+ Kc2 45. Nxa6 Kb2 46.
Nc5 Kxa2 47. f4 Kb2 48. f5 Kc3 49. f6 Kd4 50. f7 Ke5 51. f8=Q Kd5 52. g4 Kd4 53.
Qd6+ Kc3 54. g5 Kb4 55. Ne4+ Kxb3 56. g6 Kc2 57. g7 Kb2 58. g8=Q Kc2 59. Qc8+
Kb3 60. Nd2+ Kb2 61. Qb4+ Ka1 62. Qa6# {MigusEthan est échec et mat} 1-0

[Event "Tournament 14459 - Europe Echecs"]
[Site "Europe Echecs"]
[Date "2020.07.07"]
[Round "5"]
[Time "16:14:47"]
[PlyCount "142"]
[White "ZadoyanGurgen"]
[Black "BaderThomas"]
[WhiteElo "1256"]
[BlackElo "1072"]
[Mode "WEB"]
[Result "1-0"]

1. e4 e5 2. Nf3 d6 3. Bc4 Be7 4. Nc3 Nf6 5. d4 Nc6 6. Be3 Bg4 7. d5 Na5 8. Bb3
b6 9. h3 Bh5 10. Qd2 Bxf3 11. gxf3 Nxb3 12. axb3 O-O 13. Rg1 g6 14. Bg5 Nh5 15.
Be3 Ng7 16. Ke2 f5 17. Nb5 a6 18. Nc3 f4 19. Bxf4 Rxf4 20. Qd3 Qf8 21. Nd1 a5
22. c4 Qf6 23. Rg3 Nh5 24. Rg1 Rf8 25. Ra4 Rh4 26. Qc3 Rxh3 27. b4 Rxf3 28. Qe1
Qf4 29. Ne3 Rxf2+ 30. Kd1 Qxe4 31. bxa5 Qd3+ 32. Kc1 bxa5 33. Rxa5 Qb3 34. Rb5
Qa2 35. Qa5 Qxa5 36. Rxa5 Kg7 37. Ra7 Rc8 38. b4 h6 39. b5 Bg5 40. Re1 Rh2 41.
Kb1 Bxe3 42. Rxe3 g5 43. b6 Rb8 44. Rxc7+ Kg6 45. b7 Rf2 46. Rb3 Rff8 47. Rd7 g4
48. Rxd6+ Kg5 49. c5 Nf6 50. c6 Ne8 51. Rd7 Kf4 52. d6 Nf6 53. Rg7 Ne8 54. Rg6
g3 55. c7 Nxd6 56. Rxd6 g2 57. Rg6 Rg8 58. Rxg2 Rxb7 59. Rxb7 Rb8 60. cxb8=Q Kf3
61. Rg6 e4 62. Rf7+ Ke2 63. Qb2+ Kd3 64. Rg3+ Kc4 65. Qc2+ Kd5 66. Rf5+ Ke6 67.
Qxe4+ Kd7 68. Rd3+ Kc7 69. Qc4+ Kb8 70. Rb3+ Ka7 71. Ra5# {BaderThomas est échec et mat} 1-0

[Event "Tournament 14459 - Europe Echecs"]
[Site "Europe Echecs"]
[Date "2020.07.07"]
[Round "5"]
[Time "16:14:47"]
[PlyCount "26"]
[White "LlariMarc"]
[Black "RodriguezAugus"]
[WhiteElo "799"]
[BlackElo "1229"]
[Mode "WEB"]
[Result "1-0"]

1. e4 e6 2. d4 d5 3. Nc3 Bb4 4. e5 Ne7 5. a3 Bxc3+ 6. bxc3 c5 7. Nf3 Nbc6 8. Bd3
O-O 9. Bxh7+ Kh8 10. Ng5 g6 11. Qf3 Nf5 12. Bxg6 fxg6 13. Qh3+ {RodriguezAugus a abandonné} 1-0

[Event "Tournament 14459 - Europe Echecs"]
[Site "Europe Echecs"]
[Date "2020.07.07"]
[Round "5"]
[Time "16:14:47"]
[PlyCount "39"]
[White "AnseeuwEmma"]
[Black "TurcuDavid"]
[WhiteElo "1228"]
[BlackElo "1056"]
[Mode "WEB"]
[Result "0-1"]

1. e4 e5 2. Nf3 Nc6 3. Nc3 Nf6 4. Bc4 Nxe4 5. Nxe4 d5 6. Bxd5 Qxd5 7. Nc3 Qd8 8.
O-O Bg4 9. h3 Bh5 10. Re1 Bd6 11. d4 Nxd4 12. Bg5 f6 13. Be3 Nxf3+ 14. gxf3 Qd7
15. Kg2 e4 16. Kg1 Qxh3 17. Qe2 Bxf3 18. Qf1 Qg4+ 19. Qg2 Qxg2# {AnseeuwEmma est échec et mat} 0-1

[Event "Tournament 14459 - Europe Echecs"]
[Site "Europe Echecs"]
[Date "2020.07.07"]
[Round "5"]
[Time "16:14:47"]
[PlyCount "41"]
[White "TavaresRibeiro"]
[Black "DemangeTheopha"]
[WhiteElo "1225"]
[BlackElo "799"]
[Mode "WEB"]
[Result "0-1"]

1. c4 e5 2. Nc3 Nf6 3. g3 Nc6 4. Bg2 Bb4 5. Nf3 Bxc3 6. bxc3 d5 7. cxd5 Nxd5 8.
O-O Bg4 9. Bb2 O-O 10. d4 exd4 11. Nxd4 Be6 12. Nxe6 fxe6 13. Qc2 Nde7 14. Rfd1
Qe8 15. Rab1 Rd8 16. c4 Rxd1+ 17. Rxd1 Qf7 18. Rd7 Qxf2+ 19. Kh1 Rc8 20. Bf3
Qf1# {TavaresRibeiro est échec et mat} 0-1

[Event "Tournament 14459 - Europe Echecs"]
[Site "Europe Echecs"]
[Date "2020.07.07"]
[Round "5"]
[Time "16:14:47"]
[PlyCount "124"]
[White "NeelLaura"]
[Black "MarzolfSamuel"]
[WhiteElo "799"]
[BlackElo "1220"]
[Mode "WEB"]
[Result "1-0"]

1. e4 e5 2. Nf3 Nc6 3. d4 exd4 4. Nxd4 Bc5 5. Be3 Qf6 6. c3 Nge7 7. g3 O-O 8.
Bg2 d6 9. O-O Re8 10. Nb5 Bb6 11. Bxb6 cxb6 12. Nc7 Bd7 13. Nxa8 Rxa8 14. Nd2
Re8 15. Re1 Ng6 16. Nb3 Be6 17. Nd4 Nxd4 18. Qxd4 Qe7 19. b3 Rc8 20. Rad1 Rd8
21. f4 Bg4 22. Rd2 d5 23. Qe3 dxe4 24. Rxd8+ Qxd8 25. Bxe4 Kf8 26. Bxb7 Qd7 27.
Bg2 Bf5 28. Be4 Bxe4 29. Qxe4 Qd8 30. Qb4+ Kg8 31. f5 Nf8 32. Qd4 Qg5 33. Re8
Qc1+ 34. Kg2 Qb2+ 35. Qf2 Qxc3 36. Re3 Qc6+ 37. Rf3 Nd7 38. Qe2 Kf8 39. Kh1 Qc1+
40. Rf1 Qc6+ 41. Qg2 Qc8 42. Rd1 Nf6 43. h3 a5 44. Kh2 b5 45. Qd2 Ke8 46. Qe3+
Kf8 47. Rc1 Qd8 48. Qc5+ Ke8 49. Re1+ Kd7 50. Rd1+ Ke8 51. Rxd8+ Kxd8 52. Qxb5
Ne4 53. Qxa5+ Kd7 54. Qd5+ Nd6 55. b4 f6 56. a4 Kc7 57. b5 h6 58. a5 Nc8 59.
Qc6+ Kb8 60. b6 h5 61. a6 Ne7 62. a7# {MarzolfSamuel est échec et mat} 1-0

[Event "Tournament 14459 - Europe Echecs"]
[Site "Europe Echecs"]
[Date "2020.07.07"]
[Round "5"]
[Time "16:14:47"]
[PlyCount "54"]
[White "YvonGregoire"]
[Black "LoosliTheo"]
[WhiteElo "1210"]
[BlackElo "799"]
[Mode "WEB"]
[Result "1-0"]

1. d4 d5 2. c4 e6 3. Nc3 Nf6 4. Bg5 c6 5. Nf3 Be7 6. e4 h6 7. Bxf6 Bxf6 8. cxd5
exd5 9. e5 Be7 10. Bd3 O-O 11. Bb1 Bd7 12. Qc2 g6 13. Nh4 Kh7 14. Nxg6 Kg7 15.
Nxf8 f5 16. e6 Bxe6 17. Nxe6+ Kf6 18. Nxd8 Bxd8 19. Qxf5+ Kg7 20. Qg6+ Kf8 21.
Qxh6+ Ke7 22. Qg7+ Ke8 23. Qxb7 Na6 24. Qxa8 Nc7 25. Bg6+ Kd7 26. Bf5+ Kd6 27.
Qxd8# {LoosliTheo est échec et mat} 1-0

[Event "Tournament 14459 - Europe Echecs"]
[Site "Europe Echecs"]
[Date "2020.07.07"]
[Round "5"]
[Time "16:14:47"]
[PlyCount "44"]
[White "NouvelJehan"]
[Black "KiyendeLibataE"]
[WhiteElo "1104"]
[BlackElo "1360"]
[Mode "WEB"]
[Result "1-0"]

1. e4 e5 2. Nf3 Nc6 3. Bc4 Nf6 4. Ng5 d5 5. exd5 Nxd5 6. Nxf7 Kxf7 7. Qf3+ Ke8
8. Bxd5 Qd7 9. Bxc6 Qxc6 10. Qxc6+ bxc6 11. O-O Be7 12. Re1 Bd6 13. d4 c5 14.
dxc5 Bxc5 15. Rxe5+ Be7 16. Bg5 Kf7 17. Rxe7+ Kg6 18. Be3 h6 19. Nc3 Kh7 20. Bd4
Rg8 21. Ne4 Bf5 22. Nf6+ {KiyendeLibataE a abandonné} 1-0

[Event "Tournament 14459 - Europe Echecs"]
[Site "Europe Echecs"]
[Date "2020.07.07"]
[Round "5"]
[Time "16:14:47"]
[PlyCount "97"]
[White "BernardInes"]
[Black "SurCortierColi"]
[WhiteElo "1250"]
[BlackElo "1128"]
[Mode "WEB"]
[Result "0-1"]

1. e4 e5 2. Nf3 Nc6 3. Bc4 Bc5 4. Nc3 Nf6 5. O-O O-O 6. Bb5 d6 7. d3 h6 8. h3
Re8 9. Ne2 a6 10. Bxc6 bxc6 11. d4 Bb6 12. dxe5 dxe5 13. Qxd8 Rxd8 14. Nxe5 Nxe4
15. Nxc6 Re8 16. Re1 Bxf2+ 17. Kh1 Bxe1 18. Bf4 Nf2+ 19. Kh2 Rxe2 20. Nd4 Re4
21. Rxe1 Rxe1 22. Bxc7 Rd1 23. Nf3 Bb7 24. Kg3 Bxf3 25. Kxf3 Rd2 26. Bb6 Nd1 27.
a3 Rxc2 28. Bd4 Nxb2 29. Bxb2 Rxb2 30. Kf4 Re8 31. g4 Rf2+ 32. Kg3 Ra2 33. Kf4
Rxa3 34. g5 hxg5+ 35. Kxg5 Rf3 36. h4 Re1 37. Kg4 Rf6 38. Kg3 Rg1+ 39. Kh2 Rgg6
40. Kh3 Rh6 41. Kg4 Rfg6+ 42. Kf5 Rxh4 43. Ke5 Rh5+ 44. Ke4 Rg4+ 45. Kf3 f5 46.
Kf2 Rh3 47. Kf1 Rh2 48. Ke1 Rg1# {BernardInes est échec et mat} 0-1

[Event "Tournament 14459 - Europe Echecs"]
[Site "Europe Echecs"]
[Date "2020.07.07"]
[Round "5"]
[Time "16:14:47"]
[PlyCount "88"]
[White "DresensClement"]
[Black "GrangeonEdouar"]
[WhiteElo "1220"]
[BlackElo "799"]
[Mode "WEB"]
[Result "1-0"]

1. e4 e5 2. Nf3 Nf6 3. Nxe5 d6 4. Nf3 Nxe4 5. Qe2 Qe7 6. d3 Nc5 7. Qxe7+ Bxe7 8.
Be2 O-O 9. O-O Nc6 10. Nc3 Re8 11. d4 Ne6 12. Nd5 Bd7 13. h4 Rac8 14. c3 g6 15.
Bh6 Ng7 16. Bb5 a6 17. Bxc6 Bxc6 18. c4 b5 19. Bg5 Bxg5 20. hxg5 Red8 21. Ne7+
Kf8 22. Nxc6 Re8 23. cxb5 axb5 24. Rae1 Rxe1 25. Rxe1 Nf5 26. b3 Kg7 27. a4 bxa4
28. bxa4 Ra8 29. Ra1 f6 30. gxf6+ Kxf6 31. g4 Nh6 32. g5+ Kg7 33. gxh6+ Kxh6 34.
Ne7 c5 35. dxc5 dxc5 36. Ne5 Kg5 37. Rc1 Kf6 38. N7c6 Rxa4 39. Rxc5 Re4 40. Nd7+
Ke6 41. Nf8+ Kf7 42. Nxh7 Re1+ 43. Kg2 Re4 44. Ng5+ {GrangeonEdouar a abandonné} 1-0

[Event "Tournament 14459 - Europe Echecs"]
[Site "Europe Echecs"]
[Date "2020.07.07"]
[Round "5"]
[Time "16:14:47"]
[PlyCount "70"]
[White "PleutMael"]
[Black "SchmittVavihelA"]
[WhiteElo "1191"]
[BlackElo "1051"]
[Mode "WEB"]
[Result "1-0"]

1. d4 d5 2. c4 dxc4 3. e3 Be6 4. Qc2 Nf6 5. Bxc4 Bxc4 6. Qxc4 Qd5 7. Qxd5 Nxd5
8. e4 Nf6 9. Nc3 e6 10. Bg5 Be7 11. Nf3 h6 12. Bxf6 Bxf6 13. e5 Be7 14. Rc1 Bb4
15. a3 Ba5 16. b4 Bb6 17. a4 a6 18. a5 Ba7 19. Na4 Nc6 20. Nc5 Bxc5 21. Rxc5
Nxb4 22. Rxc7 Rb8 23. Kd2 O-O 24. Rb1 Nd5 25. Rcxb7 Rxb7 26. Rxb7 Rd8 27. Ra7
Nb4 28. Kc3 Rb8 29. Nd2 f6 30. f4 fxe5 31. fxe5 Kh7 32. Nc4 Kg6 33. Nb6 Kh7 34.
Kxb4 Kg6 35. Rxa6 {SchmittVavihelA a abandonné} 1-0

[Event "Tournament 14459 - Europe Echecs"]
[Site "Europe Echecs"]
[Date "2020.07.07"]
[Round "5"]
[Time "16:14:47"]
[PlyCount "77"]
[White "RodionovVadim"]
[Black "DeMartinoDanie"]
[WhiteElo "1134"]
[BlackElo "870"]
[Mode "WEB"]
[Result "0-1"]

1. d4 Nf6 2. c4 g6 3. Nc3 Bg7 4. e4 O-O 5. e5 Ne8 6. Nf3 f6 7. Be2 d6 8. exd6
Nxd6 9. c5 Ne8 10. O-O e5 11. Bc4+ Kh8 12. dxe5 Qxd1 13. Rxd1 fxe5 14. Rd8 Bg4
15. Nd2 Nf6 16. Rxf8+ Bxf8 17. h3 Bf5 18. Nb3 Nc6 19. Bg5 Ne4 20. Nxe4 Bxe4 21.
g4 Be7 22. Bxe7 Nxe7 23. Re1 Bc6 24. Rxe5 Ng8 25. Na5 Bf3 26. Re3 Bc6 27. b4 Rd8
28. b5 Rd1+ 29. Kh2 Rh1+ 30. Kg3 Rg1+ 31. Kh4 Nf6 32. bxc6 bxc6 33. Nxc6 h6 34.
Re8+ Nxe8 35. Ne7 Kh7 36. Bg8+ Kg7 37. Bd5 g5+ 38. Kh5 Nf6# {RodionovVadim est échec et mat} 0-1

[Event "Tournament 14459 - Europe Echecs"]
[Site "Europe Echecs"]
[Date "2020.07.07"]
[Round "5"]
[Time "16:14:47"]
[PlyCount "118"]
[White "BildsteinNolan"]
[Black "KhantalinaIlar"]
[WhiteElo "1111"]
[BlackElo "1580"]
[Mode "WEB"]
[Result "1-0"]

1. e4 e6 2. d4 d5 3. e5 c5 4. c3 Nc6 5. Nf3 Bd7 6. Be2 Qb6 7. O-O Nh6 8. Bxh6
Qxb2 9. Nbd2 gxh6 10. Qc1 Qb6 11. Nb3 c4 12. Nbd2 Qc7 13. Re1 O-O-O 14. Nf1 Be7
15. Qxh6 Rdg8 16. Ng3 Bf8 17. Qd2 Ba3 18. Bd1 Rg6 19. Bc2 Rg7 20. Re2 Qd8 21.
Rae1 Rhg8 22. Bb1 Kb8 23. Re3 Rg4 24. Bxh7 R8g7 25. Bb1 Ne7 26. h3 Rf4 27. Ne2
Rf5 28. Bxf5 Nxf5 29. Rd1 Nxe3 30. Qxe3 Qb6 31. Qd2 Ba4 32. Rf1 a6 33. Ng3 Qa5
34. Ne2 Qd8 35. Ne1 Rg8 36. Nc2 Bxc2 37. Qxc2 Rh8 38. Ng3 Be7 39. Qe2 Qg8 40.
Qf3 Qg6 41. Qg4 f6 42. Qxg6 fxe5 43. Qxe6 Bh4 44. Qxe5+ Ka7 45. Qxh8 Bxg3 46.
fxg3 b5 47. Rf5 Kb6 48. Qf6+ Ka5 49. Rf2 b4 50. cxb4+ Kxb4 51. Qd6+ Ka4 52.
Qxa6+ Kb4 53. Rb2+ Kc3 54. Qa3+ Kxd4 55. Rd2+ Ke5 56. Qe7+ Kf5 57. Rf2+ Kg6 58.
Qf6+ Kh5 59. Rf5# {KhantalinaIlar est échec et mat} 1-0

[Event "Tournament 14459 - Europe Echecs"]
[Site "Europe Echecs"]
[Date "2020.07.07"]
[Round "5"]
[Time "16:14:47"]
[PlyCount "167"]
[White "LoppinLylou"]
[Black "VirgoNathan"]
[WhiteElo "1102"]
[BlackElo "1560"]
[Mode "WEB"]
[Result "1/2-1/2"]

1. e4 e5 2. Nf3 Nc6 3. Nc3 Bc5 4. Be2 Nf6 5. O-O d6 6. d3 Bg4 7. Bd2 h6 8. h3
Bxf3 9. Bxf3 Nd4 10. Nd5 Nxd5 11. exd5 Nxf3+ 12. Qxf3 O-O 13. Qg3 Qf6 14. c3 c6
15. dxc6 bxc6 16. d4 exd4 17. cxd4 Bxd4 18. Rfe1 Bxb2 19. Rab1 Be5 20. Qe3 Rfe8
21. Qe4 Bc3 22. Qxc6 Bxd2 23. Rxe8+ Rxe8 24. Qxe8+ Kh7 25. Qe4+ g6 26. Rd1 Qf4
27. Qb7 Bc1 28. Qb1 Ba3 29. Qa1 Bc5 30. Rf1 d5 31. Qd1 Bd6 32. Re1 Qh2+ 33. Kf1
Qh1+ 34. Ke2 Qxg2 35. Rg1 Qxh3 36. Qxd5 Qh5+ 37. Qxh5 gxh5 38. f3 h4 39. Rh1 Be7
40. Ke3 Bg5+ 41. Ke4 Kg6 42. a3 f5+ 43. Kd4 Kf6 44. a4 Ke6 45. Kc4 Kd6 46. Kb4
Kc6 47. a5 Bd2+ 48. Ka4 Bg5 49. Rf1 h3 50. f4 Bh4 51. Rc1+ Kd5 52. Rc7 h2 53.
Rc1 Ke4 54. Rh1 Bg3 55. Rb1 Kxf4 56. Rf1+ Ke4 57. Kb5 f4 58. Ka6 Ke3 59. Kxa7
Ke2 60. Ra1 Be1 61. Ra2+ Bd2 62. Ra1 Be1 63. Ra2+ Kf1 64. Rxh2 Bg3 65. Rxh6 f3
66. Rh1+ Kg2 67. Rb1 Kf2 68. Kb6 Ke2 69. a6 f2 70. a7 f1=Q 71. Rxf1 Kxf1 72.
a8=Q Bf2+ 73. Kc7 Bg3+ 74. Kb7 Kg2 75. Kc8+ Kh3 76. Qa3 Kh4 77. Qa4+ Kh5 78.
Qd1+ Kh4 79. Qh1+ Kg4 80. Kd7 Kf4 81. Qc1+ Kg4 82. Ke7 Bf4 83. Kf6 Bxc1 {Aucun joueur n'a le mat&eacute;riel pour mater} 1/2-1/2

[Event "Tournament 14459 - Europe Echecs"]
[Site "Europe Echecs"]
[Date "2020.07.07"]
[Round "5"]
[Time "16:14:47"]
[PlyCount "46"]
[White "SinivassaneRoj"]
[Black "ErudelMaeva"]
[WhiteElo "1100"]
[BlackElo "1500"]
[Mode "WEB"]
[Result "1-0"]

1. e4 e6 2. d4 d5 3. exd5 exd5 4. Bb5+ Bd7 5. Bxd7+ Qxd7 6. Nf3 Nc6 7. O-O O-O-O
8. h3 Nf6 9. Ng5 h6 10. Nf3 g5 11. Ne5 Qe6 12. Nxc6 Qxc6 13. Re1 Qd7 14. Re2 g4
15. hxg4 Qxg4 16. Qe1 Rg8 17. f3 Qg6 18. Nc3 Bd6 19. Nb5 Bg3 20. Qa5 b6 21.
Nxa7+ Kd7 22. Qb5+ c6 23. Qxc6# {ErudelMaeva est échec et mat} 1-0

[Event "Tournament 14459 - Europe Echecs"]
[Site "Europe Echecs"]
[Date "2020.07.07"]
[Round "5"]
[Time "16:14:47"]
[PlyCount "59"]
[White "TirateauTom"]
[Black "CleranLorene"]
[WhiteElo "1440"]
[BlackElo "1086"]
[Mode "WEB"]
[Result "0-1"]

1. e4 e5 2. Nf3 Nc6 3. Nc3 Nf6 4. Bb5 d6 5. d3 h6 6. Be3 Bg4 7. O-O g6 8. Bxc6+
bxc6 9. h3 Be6 10. Qe2 Bg7 11. d4 exd4 12. Bxd4 c5 13. Be3 O-O 14. Rfd1 Rb8 15.
b3 Nxe4 16. Bd2 Nxc3 17. Bxc3 Bxc3 18. Rab1 Qf6 19. Qe3 g5 20. Rd3 Ba5 21. Rdd1
Bb6 22. Qe2 d5 23. c4 d4 24. Qb2 Rbd8 25. Rbc1 Rd6 26. a4 a5 27. Re1 Bxh3 28. g3
Qxf3 29. Kh2 Qg2# {TirateauTom est échec et mat} 0-1

[Event "Tournament 14459 - Europe Echecs"]
[Site "Europe Echecs"]
[Date "2020.07.07"]
[Round "5"]
[Time "16:14:47"]
[PlyCount "32"]
[White "CerclierLeo"]
[Black "RoganovaMaxime"]
[WhiteElo "1420"]
[BlackElo "1082"]
[Mode "WEB"]
[Result "1-0"]

1. e4 c5 2. Nc3 d6 3. f4 Nf6 4. Nf3 g6 5. Bb5+ Bd7 6. Bxd7+ Nbxd7 7. O-O Bg7 8.
d3 O-O 9. Qe1 e5 10. f5 Nb6 11. Qh4 h6 12. Bxh6 Nh5 13. Bg5 Bf6 14. g4 Bxg5 15.
Nxg5 Nf4 16. Qh7# {RoganovaMaxime est échec et mat} 1-0

[Event "Tournament 14459 - Europe Echecs"]
[Site "Europe Echecs"]
[Date "2020.07.07"]
[Round "5"]
[Time "16:14:47"]
[PlyCount "27"]
[White "MinaudierMouss"]
[Black "OuadiSammy"]
[WhiteElo "1410"]
[BlackElo "1080"]
[Mode "WEB"]
[Result "0-1"]

1. e4 e5 2. Bc4 Nf6 3. Nc3 Bc5 4. d3 O-O 5. Nf3 c6 6. Nxe5 d5 7. exd5 cxd5 8.
Bxd5 Nxd5 9. Nxd5 Qxd5 10. Ng4 Qxg2 11. Rf1 Qxg4 12. Qd2 Re8+ 13. Qe2 Qxe2# {MinaudierMouss est échec et mat} 0-1

[Event "Tournament 14459 - Europe Echecs"]
[Site "Europe Echecs"]
[Date "2020.07.07"]
[Round "5"]
[Time "16:14:47"]
[PlyCount "31"]
[White "RollotPriscill"]
[Black "DaghsenAdem"]
[WhiteElo "1094"]
[BlackElo "1400"]
[Mode "WEB"]
[Result "0-1"]

1. e4 e6 2. d4 d5 3. exd5 exd5 4. Nc3 Nf6 5. Bg5 Be7 6. Qe2 c6 7. Bxf6 O-O 8.
Bxe7 Bg4 9. Qe3 Qb6 10. Bxf8 Qxb2 11. Rc1 Nd7 12. Bc5 Nxc5 13. dxc5 Kf8 14. Qg3
Qxc1+ 15. Nd1 Qxd1# {RollotPriscill est échec et mat} 0-1